000
00208nam a22000857a 4500
999
_c
11416
_d
11416
008
190416b ||||| |||| 00| 0 eng d
020
_a
9384328111
100
_9
7148
_a
VERGHESE K.BABU
245
_a
LET THERE BE INDIA